000 00180 a2200097 4500
020 _a9780330239172
041 _aeng
100 _aFrancis, Dick
245 _aSmokescreen
942 _cBK
999 _c7817
_d7817